Normal view
MARC view
Entry Personal Name
001 - CONTROL NUMBER
- control field: 156895
003 - CONTROL NUMBER IDENTIFIER
- control field: OSt
005 - DATE AND TIME OF LATEST TRANSACTION
- control field: 20220923211004.0
008 - FIXED-LENGTH DATA ELEMENTS
- fixed length control field: 220923|| aca||aabn | a|a d
040 ## - CATALOGING SOURCE
- Original cataloging agency: OSt
- Transcribing agency: OSt
100 ## - HEADING--PERSONAL NAME
- Personal name: चौधरी, राजकमल; देवशंकर नवीन, संपा
670 ## - SOURCE DATA FOUND
- Source citation: Work cat.: (OSt)293589: चौधरी, राजकमल; देवशंकर नवीन, संपा., बंद कमरे में कब्रगाह, 2002
